| 000 | 00519nam a2200193Ia 4500 | ||
|---|---|---|---|
| 005 | 20230821092140.0 | ||
| 008 | 131103s9999 xx 000 0 und d | ||
| 040 | _aLoreto College | ||
| 041 | _aEnglish | ||
| 082 |
_a914.15 _bHAR |
||
| 100 | _aHardy,Evelyn | ||
| 245 |
_aSurvivors of the Armada _cEvelyn Hardy |
||
| 260 |
_aLondon _bConstable _c1966 |
||
| 300 |
_axiv,186 p. _b illus. |
||
| 504 | _aIncludes bibliographical references and index | ||
| 650 | _aGeography of Ireland | ||
| 850 | _aLCLIB | ||
| 942 | _cBK | ||
| 999 |
_c12675 _d63154 |
||